| 000 | 00631nam a22002057a 4500 | ||
|---|---|---|---|
| 003 | OSt | ||
| 005 | 20131203113936.0 | ||
| 008 | 130502s2010 sp ||||| |||| 00| 0 spa d | ||
| 020 | _a9788492907649 | ||
| 040 |
_cCDMR _bcat |
||
| 100 | 1 |
_93299 _aPastor, Lluís |
|
| 245 | 1 | 0 |
_aSi un lleó entrés en uns grans magatzems _b: descobreix els paranys de la comunicació _cLluís Pastor |
| 250 | _a1a ed. | ||
| 260 |
_aBadalona _bAra _c2010 |
||
| 300 | _a158 p. | ||
| 650 | 0 | 4 |
_92367 _aComunicació _xPsicologia |
| 650 | 0 | 4 |
_93243 _aMitjans de comunicació de massa _xManipulació |
| 650 | 0 | 4 |
_94430 _aPersuasió (Retòrica) |
| 942 |
_2udc _cMON |
||
| 999 |
_c6163 _d6163 |
||